Statistiques concernant Pays ou il y a le plus de Suisses

Cliquez ici pour prendre le quiz!

Statistiques générales

  • Ce quiz a été pris 328 fois
  • Le résultat moyen est 8 sur 12

Statistiques - réponses

NombrePays% Correct
220 730France
99%
51 895Italie
97%
103 000Allemagne
96%
6 400 000Suisse
94%
81 075Etats-Unis
92%
25 168Espagne
86%
82 192Belgique
79%
40 280Canada
77%
34 971Royaume-Uni
73%
82 000Luxembourg
51%
60 000Uruguay
2%
51 000Perou
1%

Distribution des résultats

Percentile par nombre de réponses

% des personnes avec chaque résultat

Votre développement - résultats

Vous n’avez pas pris ce quiz